Documentos sobre relaciones internacionales de los reyes católicos

Guardat en:
Dades bibliogràfiques
Autor principal: Torre, Antonio de la (Autor)
Format: Llibre
Idioma:espanyol
Publicat: Barcelona, España Consejo Superior de Investigaciones Científicas 1949
Col·lecció:Biblioteca Reyes Católicos. Documentos y Textos, 3
Matèries:
Etiquetes: Afegir etiqueta
Sense etiquetes, Sigues el primer a etiquetar aquest registre!

MARC

LEADER 00000nam a2200000 a 4500
001 UCO1335
003 CL-VaPUC
005 20201106001246.0
008 000512e19490000SP |||||||||||||||||spa|d
999 |c 287963  |d 287961 
040 |c Pontificia Universidad Católica de Valparaíso 
082 0 4 |a 327.46 TOR 1949  |2 21 
100 0 |a Torre, Antonio de la  |e author  |9 443360 
245 1 0 |a Documentos sobre relaciones internacionales de los reyes católicos 
260 |a Barcelona, España  |b Consejo Superior de Investigaciones Científicas  |c 1949 
300 |a 3 volúmenes 
490 0 |a Biblioteca Reyes Católicos. Documentos y Textos,  |v  3 
500 |a v.1: 1479-1483 
500 |a v.2: 1484-1487 
500 |a v.3: 1488-1491 
583 |a last modification  |c 20160817 01:05:10  |k Rodrigo Vera 
650 7 |a DIPLOMACIA ESPAÑOLA  |2 CL-VaPUC  |9 443361 
650 0 |a Relaciones Internacionales  |z ESPAÑA  |9 255740 
650 7 |a HISTORIA DE ESPAÑA  |2 CL-VaPUC  |9 345321  |y SIGLO 15 
650 7 |a REYES CATOLICOS  |2 CL-VaPUC  |9 420971  |z ESPAÑA 
852 |a BIBCUR 
942 |c BK  |2 ddc 
945 |d 20000512 00:00:00  |a rherrera 
952 |0 0  |1 0  |2 ddc  |4 0  |6 327_460000000000000_TOR_1949  |7 0  |8 X  |9 335080  |a BIBHIS  |b BIBHIS  |d 2019-11-20  |h v.1  |i 1280708  |o 327.46 TOR 1949  |p 1280708  |r 2024-01-30  |t 1  |w 2019-11-20  |y BK_X  |k HIS 
952 |0 0  |1 0  |2 ddc  |4 0  |6 327_460000000000000_TOR_1949  |7 0  |8 X  |9 335081  |a BIBHIS  |b BIBHIS  |d 2019-11-20  |h v.2  |i 1280716  |o 327.46 TOR 1949  |p 1280716  |r 2024-01-30  |t 1  |w 2019-11-20  |y BK_X  |k HIS 
952 |0 0  |1 0  |2 ddc  |4 0  |6 327_460000000000000_TOR_1949  |7 0  |8 X  |9 335082  |a BIBHIS  |b BIBHIS  |d 2019-11-20  |h v.3  |i 1280724  |o 327.46 TOR 1949  |p 1280724  |r 2024-01-30  |t 1  |w 2019-11-20  |y BK_X  |k HIS